| 000 | 00356nam a22001457a 4500 | ||
|---|---|---|---|
| 008 | 210311b ||||| |||| 00| 0 eng d | ||
| 020 | _a30118011626375 | ||
| 041 | _aeng | ||
| 080 | _a336 | ||
| 082 | _a336 | ||
| 100 | _a56 | ||
| 101 | _aFIN | ||
| 245 |
_aManias, Panics, and Craches A History of Financial Crises _cKindleberger,Ch,P |
||
| 942 |
_2udc _cBK |
||
| 999 |
_c56330 _d56330 |
||